000 00935nam a2200205Ia 4500
001 7664
003 GE_BSU
008 181216s||||||||xx |||||||||||||| ||und||
040 _cGE_BSU
245 _aაუდიტი. აღრიცხვა. ფინანსები :№7(163).2013.
245 _bყოველთვიური ჟურნალი მეწარმეებისა და ფინანსისტებისათვის.
245 _cგენ.დირ.ფრიდონ ალშიბაია,მთავარი რედაქტორი: გიორგი ცერცვაძე.
260 _aთბილისი.
260 _bშპს ,,ააფ-მენეჯმენტი
260 _c2013.
300 _a60გვ;29სმ.
520 _aგამოდის 2000 წლის იანვრიდან.
653 _aპერიოდიკა
942 _cCR
999 _c41016
_d41016